000 00629nam a2200253 a 4500
003 AR-BaBNM
005 20251128202759.0
008 082120s2002 ||||||||||||||000 | spa||
040 _cAR-BaBNM
100 1 _aEtchecopar, Máximo
245 0 0 _aHistoria de una afición a leer ;
_bOrtega, nuestro amigo
260 _aBuenos Aires
_bEudeba
_c1969
300 _a91 p.
490 0 _aJuncos de oro
650 4 _aLITERATURA ARGENTINA
650 4 _aAUTOBIOGRAFIAS
650 4 _aVIDA LITERARIA
650 4 _aESCRITORES
653 _aNARRATIVA
653 _aMEMORIAS
655 _aLITERATURA
942 _cBK
998 _cMARTIN
999 _c534
_d534